| 000 | 01859nam a2200373 c 4500 | ||
|---|---|---|---|
| 003 | BLK | ||
| 005 | 20240704005336.0 | ||
| 008 | 180408b bul|||||r ||||||| ||bul|| | ||
| 010 | _aKNG00085441000 | ||
| 020 |
_a978-954-491448-6 _bиздат.: Жанет 45 |
||
| 040 | _aBLK | ||
| 041 |
_aBUL _cBUL |
||
| 080 |
_aБългарска литература _b821.163.2 _x(092) _z821.163.2(092) |
||
| 080 |
_aБългарска литература _b821.163.2 _x-32.09 _z821.163.2-32.09 |
||
| 080 |
_aБългарски писател, адвокат и общественик (1863-1897) _b929 Константинов, Алеко Иваницов _x _z929 Константинов, Алеко Иваницов |
||
| 100 | 1 |
_aИгов, Светлозар Атанасов _d1945-2023 _gФилолог, славянска филология (1966). Литературен критик, историк. Поет, белетрист. Преводач от сърбохърватски език _972055 |
|
| 139 |
_aИгов, Светлозар Атанасов _bК 82 |
||
| 245 | 1 | 0 |
_a"Бай Ганю" и Бай Ганю _bЗагадъчната творба за проблематичния българин _cСветлозар Атанасов Игов. |
| 257 | _aBGR | ||
| 260 |
_аПловдив _bЖанет 45 _c2008 |
||
| 300 |
_a304 с. _c21 см |
||
| 380 | _a82 | ||
| 650 | 4 |
_aПисатели, български - творчество _9250544 |
|
| 653 | _aбългарска литература | ||
| 653 | _aБай Ганьо | ||
| 653 | _aлитературна критика | ||
| 653 | _aАлеко Константинов | ||
| 852 | _aЦб 241214 | ||
| 856 | 4 |
_qpdf _u |
|
| 856 | 4 |
_qpdf _u |
|
| 942 |
_cKNG _n0 _02 |
||
| 944 |
_aCR _c05.09.2008 _lCRON CRON _k |
||
| 944 |
_aED _c23.01.2012 _lф / _k |
||
| 999 |
_c80946 _d80946 |
||